Χωροθέτηση αιολικού πάρκου στην επαρχία Λάρνακας της Κύπρου, με την χρήση Σ.Γ.Π : πτυχιακή εργασία

Αποθηκεύτηκε σε:
Λεπτομέρειες βιβλιογραφικής εγγραφής
Κύριος συγγραφέας: Γεωργίου, Ανδρέας Μ.
Συγγραφή απο Οργανισμό/Αρχή: Πανεπιστήμιο Αιγαίου. Σχολή Περιβάλλοντος. Τμήμα Περιβάλλοντος
Μορφή: Thesis Βιβλίο
Γλώσσα:Greek
Δημοσίευση: 2008.
Θέματα:
Διαθέσιμο Online:http://hdl.handle.net/11610/9858
Ετικέτες: Προσθήκη ετικέτας
Δεν υπάρχουν, Καταχωρήστε ετικέτα πρώτοι!

MARC

LEADER 00000cam a2200000 i 4500
001 1/1709
008 090924s2008 gr | ||| |||| ||gre||
035 |l 10105703 
040 |a GR-MyUa  |b gre  |e AACR2 
041 0 |a gre 
082 7 |a 621.47   |2 (22) 
100 1 |a Γεωργίου, Ανδρέας Μ. 
245 1 0 |a Χωροθέτηση αιολικού πάρκου στην επαρχία Λάρνακας της Κύπρου, με την χρήση Σ.Γ.Π :   |b πτυχιακή εργασία /   |c Ανδρέας Γεωργίου ; επιβλέπων καθηγητής: Χαραλαμπόπουλος Δίας. 
260 |c 2008. 
300 |a 152 σ. :   |b εικ. ;   |c 30 εκ. 
502 |a Πτυχιακή εργασία – Πανεπιστήμιο Αιγαίου, Λέσβος, 2008. 
504 |a Βιβλιογραφία: σ. 149-152. 
650 0 0 |a Wind power  |z Cyprus. 
650 0 0 |a Wind power plants  |x Location. 
650 0 0 |a Wind power plants  |x Environmental aspects. 
650 0 0 |a Renewable energy sources  |z Cyprus. 
650 0 0 |a Renewable natural resources. 
650 0 0 |a Dissertations, Academic  |z Greece. 
700 1 |a Χαραλαμπόπουλος, Δίας,  |e dgs 
710 2 |a Πανεπιστήμιο Αιγαίου.   |b Σχολή Περιβάλλοντος.   |b Τμήμα Περιβάλλοντος. 
852 |a INST  |b LESVOS  |c DIATR  |e 20090924  |h 1197  |p 005100046459  |q 005100046459  |t DIE  |y 23 
852 |a INST  |b LESVOS  |c DIATR  |e 20090924  |h 1198  |p 005100046460  |q 005100046460  |t DIE  |y 23 
856 |u http://hdl.handle.net/11610/9858 
901 |a BIBL1-2009-3 
924 |a Γεωργίου  |b Ανδρέας  |y Λέσβος  |z 2009-05 
970 |a ΤΖΑΦΕΡΗ  |b ΕΥΑΓΓΕΛΙΑ  |z 2009/09/24